=LDR 00000nam 2200000 4500 =001 INLIS000000000032842 =990 ##$$a 0001/BPAP-NTB/20142014 =990 ##$$a 0001/BPAP-NTB/20142014 =990 ##$$a 0001/BPAP-NTB/20142014 =005 20130612134830 =990 ##$$a 0001/BPAP-NTB/20142014 =990 ##$$a 0001/BPAP-NTB/20142014 =990 ##$$a 0001/BPAP-NTB/20142014 =008 ***********************************ind** =990 ##$$a 0001/BPAP-NTB/2015 =990 ##$$a 0001/BPAP-NTB/2015 =990 ##$$a 0001/BPAP-NTB/2015 =035 ##$$0010-061300000032842 =041 ##$$a ind =082 ##$$a 028.5 =090 ##$$a 028.5, Dew s =100 ##$$a Dewi, Dian A =245 ##$$a Senangnya membantu ibu, Dian A. Dewi =260 ##$$a 2009 $b Bandung =300 ##$$a 24 hlm., Ilus., 20 cm =650 ##$$a Bacaan Anak-anak =850 ##$$a NBPNMAT =990 ##$$a 0001/BPAP-NTB/20142014 =990 ##$$a 0001/BPAP-NTB/20142014 =990 ##$$a 0001/BPAP-NTB/2015